Catálogo público

Sistema producto plátano para el Distrito Federal / (Record no. 174781)

MARC details
000 -CABECERA
campo de control de longitud fija 00801nam a2200265Ia 4500
001 - NÚMERO DE CONTROL
campo de control dia_4151
003 - IDENTIFICADOR DEL NÚMERO DE CONTROL
campo de control CHAP
005 - FECHA Y HORA DE LA ÚLTIMA TRANSACCIÓN
campo de control 20230119180931.0
007 - CAMPO FIJO DE DESCRIPCIÓN FÍSICA--INFORMACIÓN GENERAL
campo de control de longitud fija ta
008 - DATOS DE LONGITUD FIJA--INFORMACIÓN GENERAL
campo de control de longitud fija 220117sS.A. mx f 000 0 spa d
010 ## - NÚMERO DE CONTROL DE LA BIBLIOTECA DEL CONGRESO
Número de control de LC 174781
040 ## - FUENTE DE LA CATALOGACIÓN
Centro/agencia transcriptor CHAP
Centro catalogador/agencia de origen mxchpua
090 ## - LOCALMENTE ASIGNADO TIPO-LC NÚMERO DE CLASIFICACIÓN (OCLC); NÚMERO DE CLASIFICACIÓN LOCAL (RLIN)
Número de clasificación (OCLC) (R) ; Numero de clasificación, CALL (RLIN) (NR) FOLLETO 2494
110 1# - ENTRADA PRINCIPAL--NOMBRE DE ENTIDAD CORPORATIVA
9 (RLIN) 76890
Nombre de entidad corporativa o nombre de jurisdicción como elemento de entrada México. Coordinación General de Abasto y Distribución
245 10 - MENCIÓN DE TÍTULO
Título Sistema producto plátano para el Distrito Federal /
Mención de responsabilidad, etc. Coordinación general de abasto y distribución
300 ## - DESCRIPCIÓN FÍSICA
Extensión 53 hojas
500 ## - NOTA GENERAL
Nota general S/c
650 13 - PUNTO DE ACCESO ADICIONAL DE MATERIA--TÉRMINO DE MATERIA
Término de materia o nombre geográfico como elemento de entrada Plátano
9 (RLIN) 89202
942 ## - ELEMENTOS DE PUNTO DE ACCESO ADICIONAL (KOHA)
Tipo de ítem Koha Folleto
Fuente del sistema de clasificación o colocación local
260 ## - PUBLICACIÓN, DISTRIBUCIÓN, ETC.
Lugar de publicación, distribución, etc. México :
Nombre del editor, distribuidor, etc. El autor,
Fecha de publicación, distribución, etc. S.A.
440 ## - MENCIÓN DE SERIE/PUNTO DE ACCESO ADICIONAL--TÍTULO
9 (RLIN) 186119
Título Serie temática temas producto
Número de parte o sección de la obra 2
901 ## - ELEMENTOS DE DATOS A LOCAL LDA (RLIN)
a FOLLETO 2494
902 ## - ELEMENTOS DE DATOS B LOCAL, LDB (RLIN)
a M
905 ## - ELEMENTOS DE DATOS E LOCAL, LDE (RLIN)
a 000000S.A. mx 0000000000spa00
Holdings
Estado de retiro Estado de pérdida Fuente del sistema de clasificación o colocación Estado dañado Restricciones de uso No para préstamo Código de colección Localización permanente Ubicación/localización actual Fecha de adquisición Total de préstamos Signatura topográfica completa Código de barras Fecha visto por última vez Número de copia Precio válido a partir de Tipo de ítem Koha
    Clasificación Universidad Autónoma de Chapingo   Préstamo interno   Folletos Ingenieria Agroindustrial Ingenieria Agroindustrial 18/01/2022   FOLLETO 2494 dia_FOLLETO 2494 18/01/2022 1 18/01/2022 Folleto